VÝCHOVNÉ KONCERTY AJ V BRATISLAVE?

Bibliographic Details
Main Author: Faltinová, E. (Author)
Format: Article
Language:Slovak

MARC

LEADER 00000nab a2200000uu 4500
001 vtls010883129
003 SK-MaSNL
005 20260303145106.0
008 230222|1958 xo |||||||||||||||||slo|
015 |a SNBRB 
035 |a (urnnbn)urn:nbn:sk:snk:ar-001vvi 
035 |a (uuid)63268569-553c-471e-b633-5290221812da 
035 |a urn:nbn:sk:snk-ab8eqc 
040 |a SNKBUCL  |b slo  |c SNKBUCL  |e AACR2 
041 0 |a slo 
044 |a xo  |c SK 
100 1 |a Faltinová, E.  |4 aut  |9 1166611 
245 1 0 |a VÝCHOVNÉ KONCERTY AJ V BRATISLAVE?  |c E. Faltinová 
773 0 |t Slovenská hudba : revue pre hudobnú kultúru  |g Roč. 2, č. 12 (1958), s. 539-540 
954 |a odborná, vedecká literatúra pôvodná (slovenská)  |2 lita 
958 |a OND 
958 |a EUIPO 
958 |a article10 
999 |c 2000423  |d 2002353